000 01906cad a22001935a 4500
001 L138455
008 070607e2007 xxk w 000 0 eng d
035 _a(Sirsi) u138455
041 0 _aeng
245 0 0 _aYewbelle Ltd V London Green Developments Limited and Knightsbridge Green Limited
_h[electronic resource]
260 _c2006
520 _a[2006] EWHC 3166 (Ch), Considers the extent to which "reasonable endeavours" are required in order to satisfy a contract. A contract existed for Y to sell property in Colliers Wood, London to L. The land comprises a tower block and multi-storey car park. L intended to develop the property, including the extension of the tower block to include a library. The contract contained a clause requiring Y to make reasonable endeavour to obtain planning permission for this under the Town and Country Planning Act s106. However problems arose between Y and the local authority. Y contended that the contract was now complete, as a reasonable time had passed within which Y had made reasonable attempts to obtain permission. L contested this. "Held": Where no explicit timeframe was stated in the contract, one could only be implied if it was to give efficacy to the business agreement, or so obvious that it needed no statement. The term suggested by Y could not be assumed and would have unintended effects upon the contract. Y had been incorrect in stating it had used all reasonable endeavours. L was entitled to further performance of the contract, which had not come to an end. Case upheld.
650 2 4 _aYEWBELLE LTD V LONDON GREEN DEVELOPMENTS LTD AND ANOTHER
650 2 4 _aTOWN AND COUNTRY PLANNING ACT 1990 S106
651 4 _aEngland and Wales
_y1543-
690 _aPROPERTY-PROPERTY ACQUISITION AND DISPOSAL
856 4 0 _uhttps://www.bailii.org/ew/cases/EWHC/Ch/2006/3166.html#para1
_zView the article free of charge at www.lbailii.org...
942 _n0
999 _c78871
_d78871